000 00540cam a2200145 4500500
005 20251012005127.0
041 _afre
042 _adc
100 1 0 _aProtais, Baptiste
_eauthor
245 0 0 _aGérard Bensussan, Des sadiques au cœur pur. Sur l’antisionisme contemporain. Hermann, «Le bel aujourd’hui», 2025, 174 páginas, 19 euros.
260 _c2025.
500 _a18
786 0 _nÉtudes | - | 9 | 2025-09-01 | p. 139-139
856 4 1 _uhttps://shs.cairn.info/revista-etudes-2025-9-page-139?lang=es&redirect-ssocas=7080
999 _c1516709
_d1516709